00379nam a22001337a 450000500170000002000230001703500120004003700130005210000190006524500850008425000130016926000360018230000270021820120508144335.0 a817154889Xc225.00 aB-60152 aDPLbENG aShanbhag, A.N. aIn the wonderland of investment :bAssessment year 2002-2003 /cby A.N. Shanbhag a20th ed. aBombaybPopular Prakashanc2001 axxxiii, 340p.c20 cms.